000
002320000a22000970004500
100
1
_a
Carter, Mike
245
1
0
_a
Cómo se produce la erosión del suelo
300
_a
Núm 15 (1993), Páginas 5-9
773
0
_t
Paso a paso
942
_c
ANA
999
_c
52176
_d
52176